000 00336 a2200157 4500
001 174135
020 _a85-7208-019-4
040 _cMagnum
100 _aSiguemoto, Regina
240 1 0 _aO peixinho e o sonho
_lpor
245 1 0 _aO peixinho e o sonho
300 _a24
362 0 _a2008
697 _aLITERATURA INFANTO
942 _cBK
999 _c174135
_d174135